|
|
|
|
| LEADER |
00000nam2a2200000 4500 |
| 001 |
224302 |
| 005 |
20231101230600.0 |
| 020 |
|
|
|a RU
|b 90-24646
|
| 035 |
|
|
|a (RuTPU)RU\TPU\book\244606
|
| 090 |
|
|
|a 224302
|
| 100 |
|
|
|a 20121024d1989 k y0rusy5003 ca
|
| 101 |
0 |
|
|a rus
|
| 102 |
|
|
|a LV
|
| 105 |
|
|
|a y z 001zy
|
| 200 |
0 |
|
|a [Вып. 17]
|f отв. ред. А. Г. Темкин
|
| 210 |
|
|
|d 1989
|
| 215 |
|
|
|a 138 с.
|c ил.
|d 20 см
|
| 320 |
|
|
|a Библиогр. в конце ст.
|
| 461 |
|
1 |
|0 (RuTPU)RU\TPU\book\176992
|t Теплопроводность и диффузия
|o [сборник]
|f Рижский политехнический институт
|v [Вып. 17]
|d 1969-1990
|
| 606 |
1 |
|
|a Теплопроводность
|x (физика)
|2 stltpush
|3 (RuTPU)RU\TPU\subj\59794
|9 77292
|
| 610 |
1 |
|
|a диффузия
|
| 610 |
1 |
|
|a математическое моделирование
|
| 610 |
1 |
|
|a приложения
|
| 610 |
1 |
|
|a интегральные преобразования
|
| 610 |
1 |
|
|a очистные устройства
|
| 610 |
1 |
|
|a биореакторы
|
| 610 |
1 |
|
|a изоляционные системы
|
| 610 |
1 |
|
|a технологические процессы
|
| 610 |
1 |
|
|a оптимизация
|
| 675 |
|
|
|a 536.2
|z rus
|v 3
|
| 702 |
|
1 |
|a Темкин
|b А. Г.
|g Абрам Генрихович
|4 340
|
| 801 |
|
0 |
|a RU
|b RuMRKP
|c 19950417
|g psbo
|
| 801 |
|
1 |
|a RU
|b 63413507
|c 20121024
|
| 801 |
|
2 |
|a RU
|b 63413507
|c 20130208
|g RCR
|
| 942 |
|
|
|c BK
|